| Tag |
First Indicator |
Second Indicator |
Subfields |
| LEADER |
00000cam a22000005a 4500 |
| 001 |
in00001402875 |
| 005 |
20151020053052.0 |
| 008 |
971121s1997 fr d b i000 0 eng d |
| 035 |
|
|
|a (OCoLC)37988686
|
| 035 |
|
|
|9 AHM6911AM
|
| 040 |
|
|
|a IL#
|c IL#
|d TXA
|d UtOrBLW
|
| 049 |
|
|
|a TXAM
|
| 090 |
|
|
|a HD72
|b .O38 v.5, no.90
|
| 245 |
0 |
0 |
|a Globalisation and linkages to 2020 :
|b can poor countries and poor people prosper in the new global age? /
|c OECD, Development Co-operation Directorate.
|
| 264 |
|
1 |
|a Paris :
|b OECD,
|c 1997.
|
| 300 |
|
|
|a 24 pages :
|b graphs, tables
|
| 336 |
|
|
|a text
|b txt
|2 rdacontent
|
| 337 |
|
|
|a unmediated
|b n
|2 rdamedia
|
| 338 |
|
|
|a volume
|b nc
|2 rdacarrier
|
| 490 |
1 |
|
|a OECD working papers ;
|v v.5, no.90
|
| 504 |
|
|
|a Includes bibliographical references.
|
| 500 |
|
|
|a Cover title.
|
| 650 |
|
0 |
|a International trade.
|
| 650 |
|
0 |
|a International economic relations.
|
| 710 |
2 |
|
|a Organisation for Economic Co-operation and Development.
|b Development Co-operation Directorate.
|
| 830 |
|
0 |
|a OECD working papers ;
|v v.5, no.90.
|
| 999 |
|
|
|a MARS
|
| 999 |
f |
f |
|s 83979c09-7741-3b07-806e-494cd7a42a88
|i c339e030-4d15-3e4e-939a-0caeedef5de6
|t 0
|
| 952 |
f |
f |
|p ric
|a Texas A&M University
|b Rellis Campus
|c Joint Library Facility
|d Remote Storage
|t 0
|e HD72 .O38 v.5 no.90
|h Library of Congress classification
|i unmediated -- volume
|m A14821549066
|
| 998 |
f |
f |
|a HD72 .O38 v.5 no.90
|t 0
|l Remote Storage
|